Space /

Bibliographic Details
Main Author: Michener, James A. (James Albert), 1907-1997
Format: Book
Language:English
Published: New York : Random House, [1982]
Edition:1st ed.

MARC

Tag First Indicator Second Indicator Subfields
LEADER 00000pam a2200000 a 4500
001 in00000070295
005 20151008061700.0
008 820514s1982 nyub 00011 eng
010 |a  82040127  
020 |a 0394505557 :  |c $17.95 
020 |a 039452764X (lim. ed.) :  |c $50.00 
035 |a (OCoLC)08493271 
035 |9 AAJ8591AM 
040 |a DLC  |c DLC  |d m/c  |d TXA  |d UtOrBLW 
049 |a TXAM  |c 2 [A10941768]  |a TXAS  |c 1 [A08609106] 
050 0 0 |a PS3525.I19  |b S6 1982 
082 0 |a 813/.54  |2 19 
100 1 |a Michener, James A.  |q (James Albert),  |d 1907-1997. 
245 1 0 |a Space /  |c James A. Michener ; [cartography by Jean Paul Tremblay]. 
250 |a 1st ed. 
264 1 |a New York :  |b Random House,  |c [1982] 
264 4 |c ©1982 
300 |a x, 622 pages :  |b maps ;  |c 25 cm. 
336 |a text  |b txt  |2 rdacontent 
337 |a unmediated  |b n  |2 rdamedia 
338 |a volume  |b nc  |2 rdacarrier 
500 |a Maps on lining papers. 
999 |a MARS 
999 f f |s 21167eb7-acc6-3f5d-80e1-95dff376c70b  |i 66ae2dc1-e775-38c6-9e6b-5179e54e6ad8  |t 0 
952 f f |p normal  |a Texas A&M University  |b College Station  |c Sterling C. Evans Library  |s Evans stk  |d Evans: Library Stacks  |t 0  |e PS3525.I19 S6 1982  |h Library of Congress classification  |i unmediated -- volume  |m A14809217562 
952 f f |p normal  |a Texas A&M University  |b College Station  |c Sterling C. Evans Library  |s Evans stk  |d Evans: Library Stacks  |t 0  |e PS3525.I19 S6 1982  |h Library of Congress classification  |i unmediated -- volume  |m A14809016128 
952 f f |p normal  |a Texas A&M University  |b College Station  |c Sterling C. Evans Library  |s Evans stk  |d Evans: Library Stacks  |t 0  |e PS3525.I19 S6 1982  |h Library of Congress classification  |i unmediated -- volume  |m A14809204098 
952 f f |p ric  |a Texas A&M University  |b Rellis Campus  |c Joint Library Facility  |s JLF  |d Remote Storage  |t 0  |e PS3525.I19 S6 1982  |h Library of Congress classification  |i unmediated -- volume  |m A14806271410 
998 f f |a PS3525.I19 S6 1982  |t 0  |l Remote Storage 
998 f f |a PS3525.I19 S6 1982  |t 0  |l Evans: Library Stacks 
998 f f |a PS3525.I19 S6 1982  |t 0  |l Evans: Library Stacks 
998 f f |a PS3525.I19 S6 1982  |t 0  |l Evans: Library Stacks